[Event "CAN-ch U14"]
[Site "Windsor"]
[Date "2010.07.06"]
[Round "2"]
[White "Granville, Matt"]
[Black "Passador, Stephen"]
[Result "0-1"]
[WhiteElo "893"]
[BlackElo "1362"]
[PlyCount "68"]
[EventDate "2010.07.06"]
[EventType "swiss"]
[EventRounds "7"]
[EventCountry "CAN"]
[SourceTitle "EXT 2012"]
[Source "ChessBase"]
[SourceDate "2011.11.24"]
[SourceVersion "1"]
[SourceVersionDate "2011.11.24"]
[SourceQuality "1"]

1. e3 d5 2. Be2 e5 3. Bh5 Nf6 4. Be2 Nc6 5. Nf3 Bc5 6. d4 Bd6 7. Na3 0-0 8. h4 e4 9. Nh2 Bd7 10. Rf1 Bxh2 11. Rh1 Bd6 12. Qd2 Ne7 13. Rb1 c5 14. Rh3 Bxh3 15. gxh3 c4 16. Nb5 Bb8 17. b4 a6 18. f3 axb5 19. Kf2 exf3 20. Qc3 fxe2 21. Qe1 Ne4+ 22. Kf3 Qd6 23. Bd2 Qf6+ 24. Kg2 Qf1+ 25. Qxf1 exf1Q+ 26. Kxf1 Nxd2+ 27. Ke1 Nxb1 28. Kd1 Nc3+ 29. Kd2 Ne4+ 30. Ke2 Rxa2 31. Kf3 Rxc2 32. Kg4 f5+ 33. Kh5 Ng3+ 34. Kg5 h6# 0-1

[Event "CAN-ch U12"]
[Site "Ottawa"]
[Date "2007.07.05"]
[Round "6"]
[White "Farrant Diaz, Nathan"]
[Black "Passador, Stephen"]
[Result "1-0"]
[WhiteElo "1311"]
[BlackElo "1239"]
[PlyCount "67"]
[EventDate "2007.07.03"]
[EventType "swiss"]
[EventRounds "7"]
[EventCountry "CAN"]
[SourceTitle "EXT 2022"]
[Source "ChessBase"]
[SourceDate "2021.10.06"]
[SourceVersion "1"]
[SourceVersionDate "2021.10.06"]
[SourceQuality "1"]

1. e4 e6 2. d4 d5 3. Nc3 Bb4 4. Nge2 dxe4 5. a3 Bxc3+ 6. Nxc3 Nc6 7. Bb5 Nf6 8. Bg5 a6 9. Bxc6+ bxc6 10. Nxe4 Bb7 11. Nc5 Rb8 12. 0-0 0-0 13. c3 Re8 14. Re1 h6 15. Bh4 g5 16. Bg3 Nd7 17. Nxb7 Rxb7 18. b4 f5 19. f4 g4 20. Qb3 Nf8 21. Re5 Re7 22. Bh4 Kf7 23. Rxf5+ Ke8 24. Bxe7 Kxe7 25. Re1 a5 26. Rxa5 Kd7 27. f5 Qh4 28. fxe6+ Ke7 29. Re2 Rb8 30. Rf5 Rd8 31. Rf7+ Kd6 32. e7 Re8 33. exf8Q+ Rxf8 34. Qe6# 1-0

[Event "CAN-ch U12"]
[Site "Ottawa"]
[Date "2007.07.04"]
[Round "3"]
[White "Seguin, Ryan"]
[Black "Passador, Stephen"]
[Result "0-1"]
[WhiteElo "1323"]
[BlackElo "1239"]
[PlyCount "100"]
[EventDate "2007.07.03"]
[EventType "swiss"]
[EventRounds "7"]
[EventCountry "CAN"]
[SourceTitle "EXT 2022"]
[Source "ChessBase"]
[SourceDate "2021.10.06"]
[SourceVersion "1"]
[SourceVersionDate "2021.10.06"]
[SourceQuality "1"]

1. e4 e5 2. Nf3 Nc6 3. Bc4 h6 4. Nc3 Nf6 5. 0-0 Bc5 6. h3 0-0 7. Re1 a6 8. d3 d6 9. a3 Bd4 10. Bd2 Nh5 11. Kf1 Qf6 12. Nxd4 Nxd4 13. Kg1 Nf4 14. Bxf4 Qxf4 15. Ne2 Qg5 16. Ng3 Kh8 17. c3 Nc6 18. Qh5 Qxh5 19. Nxh5 f5 20. Ng3 f4 21. Ne2 f3 22. gxf3 Rxf3 23. Kg2 Rf6 24. Ng1 Bd7 25. Bd5 Raf8 26. Rf1 g5 27. Rab1 b6 28. b4 Ne7 29. Bb7 Bb5 30. c4 Ba4 31. Bxa6 Bc2 32. Rb2 Bxd3 33. Re1 Rf4 34. Re3 Bxe4+ 35. Kf1 Bb1 36. a4 Be4 37. a5 Ba8 38. Bb5 Ng6 39. a6 c6 40. Ba4 Nh4 41. Rd3 Rxc4 42. Ne2 Ng6 43. Rxd6 Nf4 44. Rxh6+ Kg7 45. Rd6 Nxh3 46. Rd7+ Kh8 47. Bc2 Nxf2 48. Kg1 Rg4+ 49. Kh2 c5 50. bxc5 Rg2# 0-1

[Event "CAN-ch U12"]
[Site "Ottawa"]
[Date "2007.07.03"]
[Round "2"]
[White "Passador, Stephen"]
[Black "Han, Yifei"]
[Result "0-1"]
[WhiteElo "1239"]
[BlackElo "1854"]
[PlyCount "88"]
[EventDate "2007.07.03"]
[EventType "swiss"]
[EventRounds "7"]
[EventCountry "CAN"]
[SourceTitle "EXT 2022"]
[Source "ChessBase"]
[SourceDate "2021.10.06"]
[SourceVersion "1"]
[SourceVersionDate "2021.10.06"]
[SourceQuality "1"]

1. d4 d5 2. Nc3 e6 3. g3 Nf6 4. Bg2 Bb4 5. Bd2 b6 6. a3 Bxc3 7. Bxc3 Nbd7 8. Bd2 c5 9. c4 Bb7 10. dxc5 Nxc5 11. b4 dxc4 12. Nf3 Nb3 13. Ra2 Ne4 14. 0-0 Bd5 15. Ne5 Nexd2 16. Bxd5 Qxd5 17. Nf3 Nxf1 18. Qxd5 exd5 19. Kxf1 0-0 20. a4 Rfe8 21. a5 b5 22. Nd2 Nc1 23. Rc2 Nxe2 24. Nf3 d4 25. Rxe2 d3 26. Rd2 Re4 27. h4 Rae8 28. Kg2 Re2 29. Rd1 Rb2 30. Nd4 a6 31. Nc6 Ree2 32. Nd4 Rxf2+ 33. Kg1 Rg2+ 34. Kh1 Rxg3 35. Re1 h6 36. Nf5 Rh3+ 37. Kg1 Rf3 38. Ne7+ Kh7 39. Nd5 Re2 40. Ra1 d2 41. Nc7 Re1+ 42. Rxe1 dxe1Q+ 43. Kg2 Qg3+ 44. Kh1 Rf1# 0-1